000
00317nam a2200133Ia 4500
008
150201s2003 xx 000 0 und d
082
_a
616
_b
M08H
100
_a
HOSSAIN,A S M T
245
_a
MEDICAL THERAPEUTICS
250
_a
1ST
260
_b
AITBS
_a
DELHI
_c
2003
650
_a
MEDICINE AND DIAGNOSIS
942
_2
ddc
_c
BK
999
_c
711
_d
711